[Event "Jundiai op 4th"]
[Site "Jundiai"]
[Date "2023.07.21"]
[Round "1"]
[White "Ruvieri, Valter"]
[Black "Barros, Jardel Teti"]
[Result "0-1"]
[WhiteElo "1742"]
[BlackElo "1471"]
[PlyCount "72"]
[EventDate "2023.07.21"]
[EventType "swiss"]
[EventRounds "5"]
[EventCountry "BRA"]
[SourceTitle "CBM 215 Extra"]
[Source "ChessBase"]
[SourceDate "2023.09.30"]
[SourceVersion "1"]
[SourceVersionDate "2023.09.30"]
[SourceQuality "1"]

1. e4 e5 2. Nf3 Nf6 3. Nxe5 d6 4. Nf3 Nxe4 5. Bd3 Nc5 6. Be2 Be7 7. d4 Ne4 8. 0-0 d5 9. Be3 0-0 10. Nbd2 Bf5 11. c4 c6 12. c5 Na6 13. Re1 Nc7 14. Nxe4 Bxe4 15. Nd2 Bf5 16. Bg4 Qd7 17. Bxf5 Qxf5 18. Nf3 Ne6 19. Qd2 Bf6 20. Re2 h5 21. h4 Qg4 22. Rf1 Bxh4 23. Nxh4 Qxh4 24. g3 Qf6 25. Kg2 b6 26. b4 bxc5 27. bxc5 a5 28. Rh1 Qf5 29. Bh6 gxh6 30. Qxh6 Qh7 31. Qxh7+ Kxh7 32. Rxh5+ Kg6 33. Rh4 Rab8 34. Rg4+ Kf6 35. Rh4 Rh8 36. Rg4 Rbg8 0-1

[Event "Sao Paulo STD U2200 op 5th"]
[Site "Sao Paulo"]
[Date "2019.09.01"]
[Round "5"]
[White "Rodriguez, Rodrigo A"]
[Black "Barros, Jardel Teti"]
[Result "0-1"]
[WhiteElo "1544"]
[BlackElo "1405"]
[PlyCount "96"]
[EventDate "2019.08.30"]
[EventType "swiss"]
[EventRounds "6"]
[EventCountry "BRA"]
[SourceTitle "CBM 195 Extra"]
[Source "ChessBase"]
[SourceDate "2020.05.31"]
[SourceVersion "1"]
[SourceVersionDate "2020.05.31"]
[SourceQuality "1"]

1. d4 d5 2. c4 e6 3. Nf3 c6 4. g3 Bb4+ 5. Nc3 dxc4 6. Qa4 Bxc3+ 7. bxc3 b5 8. Qc2 Nf6 9. Bg2 Bb7 10. a4 0-0 11. Ne5 Qc8 12. 0-0 Nbd7 13. axb5 cxb5 14. Bxb7 Qxb7 15. Ba3 Rfd8 16. Be7 Re8 17. Bxf6 Nxf6 18. f3 Nd5 19. Qd2 f6 20. Ng4 b4 21. cxb4 Qxb4 22. Qxb4 Nxb4 23. Rfc1 Rec8 24. Ne3 c3 25. Ra5 Rc7 26. Rc5 Rac8 27. R1xc3 Rxc5 28. Rxc5 Rxc5 29. dxc5 Kf7 30. Nc4 Ke7 31. Kf2 Kd7 32. Na5 Nc6 33. Nc4 a5 34. Ke3 e5 35. Kd3 Kc7 36. e4 Kd7 37. Ne3 Kc7 38. Kc4 Kb7 39. f4 exf4 40. gxf4 Kc7 41. Kd5 Nb4+ 42. Kc4 Kc6 43. Nd5 Nxd5 44. exd5+ Kc7 45. Kb5 g5 46. f5 h5 47. Kxa5 g4 48. Kb4 h4 0-1

[Event "Sao Paulo Karman Cup"]
[Site "Sao Paulo"]
[Date "2019.08.18"]
[Round "6"]
[White "Barros, Jardel Teti"]
[Black "Maraz, Ricardo"]
[Result "1-0"]
[WhiteElo "1301"]
[BlackElo "1556"]
[PlyCount "85"]
[EventDate "2019.08.16"]
[EventType "swiss"]
[EventRounds "6"]
[EventCountry "BRA"]
[SourceTitle "EXT 2021"]
[Source "ChessBase"]
[SourceDate "2020.10.23"]
[SourceVersion "1"]
[SourceVersionDate "2020.10.23"]
[SourceQuality "1"]

1. e4 e5 2. Nf3 Nc6 3. d4 exd4 4. Nxd4 Bc5 5. Nb3 Bb6 6. Nc3 Qf6 7. Qe2 Nge7 8. h4 d6 9. Bg5 Qg6 10. Nd5 f6 11. Bf4 h5 12. 0-0-0 Be6 13. f3 Qf7 14. Qd2 Ne5 15. Kb1 Nxd5 16. exd5 Bf5 17. Bxe5 fxe5 18. Bb5+ Kf8 19. a4 a6 20. Bd3 Rd8 21. Qg5 Bxd3 22. Qxd8+ Qe8 23. Qxe8+ Kxe8 24. Rxd3 Rf8 25. Nd2 Kd7 26. Ne4 Ba7 27. Rdd1 Bb8 28. Rhf1 c6 29. dxc6+ bxc6 30. g4 Rf4 31. gxh5 Rxh4 32. Rg1 Ke6 33. Rg6+ Ke7 34. Rxg7+ Ke6 35. Rg6+ Ke7 36. Nxd6 Rxh5 37. Ne4 Rf5 38. Rh1 Rf7 39. Rxc6 a5 40. Rhh6 Rg7 41. Rb6 Rg8 42. Rh7+ Kf8 43. Rxb8# 1-0